书目信息 |
| 题名: |
鄢梦萱讲商法
|
|
| 作者: | 鄢梦萱 编著 | |
| 分册: | ||
| 出版信息: | 北京 中国政法大学出版社 2020.08 |
|
| 页数: | 156页 | |
| 开本: | 23cm | |
| 丛书名: | 2020主观题冲刺一本通系列 | |
| 单 册: | ||
| 中图分类: | D923.990.4 | |
| 科图分类: | ||
| 主题词: | 商法--shang fa--中国--资格考试--自学参考资料 | |
| 电子资源: | ||
| ISBN: | 978-7-5620-9547-7 | |
| 000 | 01318nam 2200265 450 | |
| 001 | CAL 004018710 | |
| 005 | 20230217093112.0 | |
| 010 | @a978-7-5620-9547-7@dCNY43.00 | |
| 100 | @a20201015d2020 em y0chiy0120 ea | |
| 101 | 0 | @achi |
| 102 | @aCN@b110000 | |
| 105 | @ak z 000yy | |
| 106 | @ar | |
| 200 | 1 | @a鄢梦萱讲商法@Ayan meng xuan jiang shang fa@f鄢梦萱编著 |
| 210 | @a北京@c中国政法大学出版社@d2020.08 | |
| 215 | @a156页@d23cm | |
| 225 | 2 | @a2020主观题冲刺一本通系列@A2020 zhu guan ti chong ci yi ben tong xi lie |
| 300 | @a厚大法考 | |
| 330 | @a本图书商经部分涉及考点众多, 商法部分包括: 公司法、合伙企业法、个人独资企业法、外商投资企业法、企业破产法、票据法、保险法、证券业法律制度, 经济法部分包括: 竞争法、消费者法、银行业法、财税法、劳动法和劳动合同法、社会保险法、土地法和房地产法、环境保护法等。为厚大法考主观题考试冲刺的一本通, 着眼于法考主观题应试的务实性, 重视对商法学科主观题考试理论的背诵精要, 注重对重点知识的归纳总结, 结合热点案例分析, 编写模考进行演练。由从事多年教学的名师根据新大纲对本学科相关理论进行阐释, 为考生有效复习提供方向。 | |
| 410 | 0 | @12001 @a2020主观题冲刺一本通系列 |
| 606 | 0 | @a商法@Ashang fa@y中国@x资格考试@j自学参考资料 |
| 690 | @aD923.990.4@v5 | |
| 701 | 0 | @a鄢梦萱@Ayan meng xuan@4编著 |
| 801 | 0 | @aCN@bBJXHZP@c20230222 |
| 905 | @b1394970-3@dD923.990.4@e2254@f4 | |
| 鄢梦萱讲商法/鄢梦萱编著.-北京:中国政法大学出版社,2020.08 |
| 156页;23cm.-(2020主观题冲刺一本通系列) |
| 厚大法考 |
| ISBN 978-7-5620-9547-7:CNY43.00 |
| 本图书商经部分涉及考点众多, 商法部分包括: 公司法、合伙企业法、个人独资企业法、外商投资企业法、企业破产法、票据法、保险法、证券业法律制度, 经济法部分包括: 竞争法、消费者法、银行业法、财税法、劳动法和劳动合同法、社会保险法、土地法和房地产法、环境保护法等。为厚大法考主观题考试冲刺的一本通, 着眼于法考主观题应试的务实性, 重视对商法学科主观题考试理论的背诵精要, 注重对重点知识的归纳总结, 结合热点案例分析, 编写模考进行演练。由从事多年教学的名师根据新大纲对本学科相关理论进行阐释, 为考生有效复习提供方向。 |
| ● |
| 相关链接 |
|
|
|
|
正题名:鄢梦萱讲商法
索取号:D923.990.4/2254
 
预约/预借
| 序号 | 登录号 | 条形码 | 馆藏地/架位号 | 状态 | 备注 |
| 1 | 1394970 | 213949708 | 第一样本阅览室/ [索取号:D923.990.4/2254] | 在馆 | |
| 2 | 1394971 | 213949717 | 第一借阅区/ [索取号:D923.990.4/2254] | 在馆 | |
| 3 | 1394972 | 213949726 | 第一借阅区/ [索取号:D923.990.4/2254] | 在馆 | |
| 4 | 1394973 | 213949735 | 第一借阅区/ [索取号:D923.990.4/2254] | 在馆 |